Гидромеханика закрученных потоков и динамика удара; Вып. 1

التفاصيل البيبلوغرافية
مؤلفون آخرون: Горбунов В. Ф. (редактор), Харитонов В. П.
اللغة:الروسية
منشور في: Кемерово, 1970
الموضوعات:
التنسيق: MixedMaterials كتاب
KOHA link:https://koha.lib.tpu.ru/cgi-bin/koha/opac-detail.pl?biblionumber=594882

MARC

LEADER 00000nam0a2200000 4500
001 594882
005 20231101131830.0
035 |a (RuTPU)RU\TPU\tpu\11965 
035 |a RU\TPU\tpu\11964 
090 |a 594882 
100 |a 20040322d1970 m y0rusy50 ca 
101 0 |a rus 
102 |a RU 
105 |a y z 001zy 
200 1 |a Гидромеханика закрученных потоков и динамика удара  |h Вып. 1  |f под ред. В. Ф. Горбунов ; под ред. В. П. Харитонов 
210 |a Кемерово  |d 1970 
215 |a 112 с. 
610 1 |a гидромеханика 
610 1 |a закрученные потоки 
610 1 |a динамика удара 
610 1 |a труды учёных ТПУ 
702 1 |a Горбунов  |b В. Ф.  |4 340 
702 1 |a Харитонов  |b В. П.  |4 340 
801 1 |a RU  |b 63413507  |c 20020319  |g PSBO 
801 2 |a RU  |b 63413507  |c 20100410  |g PSBO 
942 |c BK